00963ntm a22002417a 450000500170000000800410001704000280005808200170008610000360010324501010013926000100024030000390025050001870028959000110047665000450048765300230053265500090055570000220056477700090058694200080059599900170060395201010062020170814091810.0170802s2013 xx a frb 000 0 eng d aEG-ScBUEbengcEG-ScBUE04222a621bARA1 aArafa, Tarek Abd el Aziz Kamal.10aTransparent PV-thermal and transparent PV-PV hybrid systems /cby Tarek Abd El Aziz Kamal Arafa. c2013. avi, 68 p. :bill. (col.) ;c28 cm. aA dissertation submitted to the faculty of engineering, the British university in Egypt, in partial fulfillment of the requirements for the bachelor degree in mechanical engineering. aAishaa 72BUEshvProjectsaMechanical Engineering. bENGMECcAugust2017 vSPRO1 aSaad, Bahy,eths. ASPRO 2ddc c25123d25095 00102ddc4070aMAINbMAINc2NDd2017-08-06l0o621 ARAp000046275r2025-07-15 00:00:00yPROJST